All Bad Bunny Songs - Statistics

General Stats
  • This quiz has been taken 1,739 times
    1,423 since last reset
  • The average score is 44 of 129
Answer Stats
Album Song % Correct
Oasis La Canción
71%
Un Verano Sin Ti Moscow Mule
70%
Un Verano Sin Ti Un Verano Sin Ti
69%
Un Verano Sin Ti Tití Me Preguntó
68%
EL Último Tour del Mundo DÁKITI
65%
Un Verano Sin Ti Me Porto Bonito
63%
Single #11 Callaíta
62%
Un Verano Sin Ti Callaita
62%
Un Verano Sin Ti Ojitos Lindos
60%
YHLQMDLG Safaera
60%
Un Verano Sin Ti Andrea
58%
Un Verano Sin Ti Tarot
56%
Un Verano Sin Ti Después de la Playa
55%
YHLQMDLG La Santa
55%
Un Verano Sin Ti Party
55%
YHLQMDLG Si Veo a Tu Mamá
55%
Un Verano Sin Ti Neverita
54%
Un Verano Sin Ti Efecto
53%
X 100pre MÍA
53%
YHLQMDLG Yo Perreo Sola
53%
Un Verano Sin Ti Un Coco
52%
X 100pre Otra Noche en Miami
51%
EL Último Tour del Mundo LA NOCHE DE ANOCHE
49%
Single #7 Amorfoda
48%
EL Último Tour del Mundo BOOKER T
48%
Un Verano Sin Ti La Corriente
48%
EL Último Tour del Mundo 120
47%
Un Verano Sin Ti Agosto
47%
El Conejo Malo Diles
47%
Un Verano Sin Ti El Apagón
47%
El Conejo Malo Soy Peor
47%
YHLQMDLG La Difícil
46%
X 100pre La Romana
46%
YHLQMDLG <3
45%
YHLQMDLG Vete
45%
Un Verano Sin Ti Aguacero
44%
Un Verano Sin Ti Enséñame a Bailar
44%
Un Verano Sin Ti Un Ratito
44%
YHLQMDLG Bichiyal
43%
Las Que No Iban a Salir Canción Con Yandel
43%
Un Verano Sin Ti Dos Mil 16
43%
Un Verano Sin Ti Otro Atardecer
43%
YHLQMDLG A Tu Merced
42%
X 100pre Si Estuviésemos Juntos
42%
Invasion of Privacy I Like It
41%
Un Verano Sin Ti Me Fui de Vacaciones
41%
YHLQMDLG Soliá
41%
YHLQMDLG Una Vez
41%
X 100pre 200 MPH
40%
X 100pre Ni Bien Ni Mal
40%
Oasis Qué Pretendes
40%
Oasis Un Peso
40%
Single #5 Chambea
39%
YHLQMDLG Ignorantes
39%
EL Último Tour del Mundo TE MUDASTE
39%
Un Verano Sin Ti Yo No Soy Celoso
39%
YHLQMDLG 25/8
37%
X 100pre Caro
37%
X 100pre Estamos Bien
37%
YHLQMDLG La Zona
37%
YHLQMDLG Hablamos Mañana
36%
EL Último Tour del Mundo YO VISTO ASÍ
36%
YHLQMDLG Está Cabrón Ser Yo
35%
YHLQMDLG Pero Ya No
35%
YHLQMDLG P FKN R
35%
X 100pre Solo de Mí
35%
YHLQMDLG Que Malo
34%
EL Último Tour del Mundo TRELLAS
34%
EL Último Tour del Mundo LA DROGA
33%
EL Último Tour del Mundo MALDITA POBREZA
33%
El Conejo Malo Tu No Vive Así
33%
Las Que No Iban a Salir Bad Con Nicky
32%
EL Último Tour del Mundo HACIENDO QUE ME AMAS
32%
Oasis Mojaita
32%
X 100pre RLNDT
32%
EL Último Tour del Mundo SORRY PAPI
31%
EL Último Tour del Mundo ANTES QUE SE ACABE
30%
X 100pre Como Antes
30%
Las Que No Iban a Salir Cómo Se Siente (Remix)
30%
Oasis Como un Bebé
30%
EL Último Tour del Mundo EL MUNDO ES MÍO
30%
EL Último Tour del Mundo HOY COBRÉ
30%
EL Último Tour del Mundo CANTARES DE NAVIDAD
29%
TrapXficante Krippy Kush
29%
Single #3 Tu No Metes Cabra
29%
Las Que No Iban a Salir Pa' Romperla
28%
EL Último Tour del Mundo TE DESEO LO MEJOR
28%
Las Que No Iban a Salir Bye Me Fui
27%
Las Que No Iban a Salir En Casita
27%
YHLQMDLG Puesto Pa' Guerrial
27%
X 100pre Cuando Perriabas
26%
X 100pre Ser Bichote
26%
X 100pre Tenemos Que Hablar
26%
Las Que No Iban a Salir Bendiciones
25%
Famouz No Me Conoce (Remix)
25%
Oasis Odio
25%
Las Que No Iban a Salir Ronca Freestyle
25%
Oasis Yo Le Llego
24%
Las Que No Iban a Salir Más De Una Cita
23%
El Disco Duro Vuelve
23%
Las Que No Iban a Salir Si Ella Sale
22%
Oasis Cuidao por Ahí
20%
Single #14 De Museo
20%
Single #8 Dime Si Te Acuerdas
20%
El Conejo Malo Pa Ti
20%
El Conejo Malo Si Tu Novio Te Deja Sola
18%
Single #13 Un Dia (One Day)
18%
El Conejo Malo Me Acostumbre
17%
X 100pre ¿Quién Tú Eres?
17%
Single #4 Sensualidad
16%
El Conejo Malo Caile
15%
Single #12 Estamos Arriba
13%
Single La Última Vez
12%
Single #6 Amantes de una Noche
11%
El Conejo Malo Otra Vez
10%
Single #2 Blockia
8%
El Conejo Malo Crecia
8%
Single #10 Desde el Corazón
6%
El Conejo Malo Diabla (Remix)
6%
Single #9 Te Guste
6%
El Conejo Malo Demonia Baila
5%
El Conejo Malo Me Llamas
5%
El Conejo Malo Amigos y Enemigos (Remix)
4%
El Conejo Malo Me Llueven 2.0
4%
El Conejo Malo Te Lo Meto Yo
4%
El Conejo Malo 1 Polvo
3%
El Conejo Malo Prayer
3%
El Conejo Malo Haters (Remix)
2%
El Conejo Malo Liberace (Remix)
2%
No matching quizzes found
Score Distribution
Percent of People with Each Score
Percentile by Number Answered
Your Score History
You have not taken this quiz since the last reset